00366nam a2200109Ia 4500008004100000100001800041245002800059260006900087300001100156650002100167856006800188160712s9999 xx 000 0 und d aOrtega, Jude. cJude OrtegaaRajah Muda c2015bLikhaan: The Journal of Contemporary Philippine Literature avol. 9 xMAIKLING KUWENTO uhttp://journals.upd.edu.ph/index.php/lik/issue/view/539/showToc